Central Library OPAC University of Rajshahi

Foundations of retailing / (Record no. 15432)

MARC details
000 -LEADER
fixed length control field 00808nam a2200265 a 4500
001 - CONTROL NUMBER
control field 15432
003 - CONTROL NUMBER IDENTIFIER
rucl marc code BD-RjUL
005 - DATE AND TIME OF LATEST TRANSACTION
control field 20211208235820.0
008 - FIXED-LENGTH DATA ELEMENTS--GENERAL INFORMATION
fixed length control field 140210s1981 txua 001 0 eng
020 ## - INTERNATIONAL STANDARD BOOK NUMBER
International Standard Book Number 0256025460
035 ## - SYSTEM CONTROL NUMBER
System control number (BD-RjUL)15486
040 ## - CATALOGING SOURCE
Original cataloging agency DLC
Transcribing agency DLC
Modifying agency DLC
-- BD-RjUL
Language of cataloging eng
041 ## - LANGUAGE CODE
Language code of text/sound track or separate title eng
082 00 - DEWEY DECIMAL CLASSIFICATION NUMBER
Classification number 658.87
Edition number 19
Author mark and year MAF 1981
100 1# - MAIN ENTRY--PERSONAL NAME
Personal name Mason, Joseph Barry.
9 (RLIN) 47930
245 10 - TITLE STATEMENT
Title Foundations of retailing /
Statement of responsibility, etc. J. Barry Mason and Morris L. Mayer.
260 ## - PUBLICATION, DISTRIBUTION, ETC. (IMPRINT)
Place of publication, distribution, etc. Dallas, Tex. ;
Name of publisher, distributor, etc. Business Publications ;
Place of publication, distribution, etc. Georgetown, Ont. :
Name of publisher, distributor, etc. Irwin-Dorsey,
Date of publication, distribution, etc. c1981.
300 ## - PHYSICAL DESCRIPTION
Pagination xiii, 482 p. :
Illustrations ill. ;
Size 25 cm.
504 ## - BIBLIOGRAPHY, ETC. NOTE
Bibliography, etc Includes index.
650 #0 - SUBJECT ADDED ENTRY--TOPICAL TERM
Topical term or geographic name as entry element Retail trade
General subdivision Management.
9 (RLIN) 47931
700 1# - ADDED ENTRY--PERSONAL NAME
Personal name Mayer, Morris Lehman.
942 ## - ADDED ENTRY ELEMENTS (KOHA)
Source of classification or shelving scheme Dewey Decimal Classification
Koha item type Books
Holdings
Lost status Source of classification or shelving scheme Damaged status Not for loan Collection code Permanent Location Current Location Shelving location Date acquired Source of acquisition Total Checkouts Full call number Date last seen Copy number Koha item type
  Dewey Decimal Classification   Not For Loan Non-fiction Central Library, University of Rajshahi Central Library, University of Rajshahi Reading Room 04/08/1985 Asia foundation   658.87 MAF 1981 10/02/2014 C-1 Books
  Dewey Decimal Classification     Non-fiction Central Library, University of Rajshahi Central Library, University of Rajshahi   04/08/1985 Asia foundation   658.87 MAF 1981 10/02/2014 C-2 Books